| 000 | 00376nam a2200157Ia 4500 | ||
|---|---|---|---|
| 003 | OSt | ||
| 005 | 20260518155305.0 | ||
| 008 | 241002s9999 xx 000 0 und d | ||
| 040 | _cAACR2 | ||
| 082 | _a943.089 MOO | ||
| 100 | _aMoos, Detlev | ||
| 245 | 0 | _aCultural Life in the Federal Republic of Germany | |
| 260 |
_aKarachi: _c1993 |
||
| 600 | _aHistory | ||
| 942 |
_cUC _2ddc |
||
| 999 |
_c19014 _d19014 |
||